00506 am a2200157 a 450000500170000000800410001702000080005804100080006610000210007424500540009525000490014926000350019830000110023350000870024465300170033120240701132317.0100902s1963||||ag # f |||| 001 0 spa d aS/N aspa1 aBreet, George S. aHistoria de la psicología / cGeorge S. Brett. a1a ed.bTraducción de Delia Ana Sampietro. aBuenos Aires: bPaidos;c1963. a686 p. aBreet, G. S. (1963). Historia de la psicología. (1a ed.). Buenos Aires : Paidos. aPsicología